| 000 | 00528cam a22002171 4500 | ||
|---|---|---|---|
| 001 | sa 65009619 | ||
| 003 | DLC | ||
| 005 | 20260227112203.0 | ||
| 008 | 890626s1962 ii 000 0 kano | ||
| 010 | _asa 65009619 | ||
| 035 | _a(OCoLC)19928205 | ||
| 040 |
_aDLC _cWaU _dDLC |
||
| 042 | _apremarc | ||
| 050 | 0 | 0 |
_aPK3797 _b.K7 |
| 100 | 1 |
_aKrishnamoorthy, K., _d1923-1997. |
|
| 245 | 1 | 0 | _aKāḷidāsana nāṭakagaḷu. |
| 260 | _c1962. | ||
| 300 |
_av, 98 p. _c17 cm. |
||
| 500 | _aIn Kannada. | ||
| 600 | 0 | 0 | _aKālidāsa. |
| 999 |
_c66308 _d66308 |
||